000 00290nam a22001337a 4500
082 _a823
_bABR/M
100 _aNARI, ABRAR
100 _aWARR, R P
245 _aMISCHIEVOUS HANUMAN
260 _aCHENNAI
_bSEASONS PUBLISHING
300 _a124
650 _aENGLISH STORY
_zINDIA
942 _cBK
999 _c7419
_d7419